|
|
|
|
| LEADER |
00000nam0a2200000 4500 |
| 001 |
194953 |
| 005 |
20240207112050.0 |
| 035 |
|
|
|a (RuTPU)RU\TPU\book\212630
|
| 090 |
|
|
|a 194953
|
| 100 |
|
|
|a 20110427d2010 m y0rusy50 ca
|
| 101 |
0 |
|
|a rus
|
| 102 |
|
|
|a RU
|
| 105 |
|
|
|a a j 001zy
|
| 200 |
1 |
|
|a Палеонтология
|e учебное пособие для вузов
|f Э. Д. Рябчикова, И. В. Рычкова
|g Национальный исследовательский Томский политехнический университет (ТПУ)
|
| 210 |
|
|
|a Томск
|c Изд-во ТПУ
|d 2010
|
| 215 |
|
|
|a 139 с.
|c ил.
|
| 320 |
|
|
|a Библиогр.: с. 137.
|
| 320 |
|
|
|a Словарь терминов: с. 116-128.
|
| 320 |
|
|
|a Предметный указатель: с. 129-132.
|
| 330 |
|
|
|a В пособии охарактеризованы важнейшие группы ископаемой флоры и фауны, имеющие наибольшее геологическое значение. Изложены общие положения и основные понятия палеонтологии, в том числе формы сохранности организмов, закономерности развития органического мира Земли, среда обитания, условия и образ жизни организмов, роль организмов в осадконакоплении и породообразовании, значение организмов в геологической летописи Земли. Предназначено для студентов очной и заочной форм обучения, а также аспирантов, преподавателей геологических специальностей, геологов и научных работников.
|
| 452 |
|
1 |
|0 (RuTPU)RU\TPU\book\215277
|t Палеонтология
|o учебное пособие
|f Э. Д. Рябчикова, И. В. Рычкова
|g Национальный исследовательский Томский политехнический университет (ТПУ)
|c Томск
|n Изд-во ТПУ
|d 2010
|a Рябчикова, Элла Давыдовна
|
| 606 |
1 |
|
|a Палеонтология
|2 stltpush
|3 (RuTPU)RU\TPU\subj\47998
|9 66880
|
| 610 |
1 |
|
|a ископаемые организмы
|
| 610 |
1 |
|
|a ископаемые животные
|
| 610 |
1 |
|
|a ископаемые растения
|
| 610 |
1 |
|
|a биномы
|
| 610 |
1 |
|
|a классификация
|
| 610 |
1 |
|
|a флора
|
| 610 |
1 |
|
|a фауна
|
| 610 |
1 |
|
|a сохранность
|
| 610 |
1 |
|
|a среда обитания
|
| 610 |
1 |
|
|a осадконакопление
|
| 610 |
1 |
|
|a термины
|
| 610 |
1 |
|
|a учебные пособия
|
| 675 |
|
|
|a 56(075.8)
|v 3
|
| 700 |
|
1 |
|a Рябчикова
|b Э. Д.
|c российский геолог
|c доцент Томского политехнического университета, кандидат геолого-минералогических наук
|f 1941-
|g Элла Давыдовна
|3 (RuTPU)RU\TPU\pers\26291
|
| 701 |
|
1 |
|a Рычкова
|b И. В.
|c геолог
|c доцент Томского политехнического университета, инженер, кандидат геолого-минералогических наук
|f 1967-
|g Ирина Владимировна
|3 (RuTPU)RU\TPU\pers\24801
|9 11016
|
| 712 |
0 |
2 |
|a Национальный исследовательский Томский политехнический университет (ТПУ)
|c (2009- )
|3 (RuTPU)RU\TPU\col\15902
|
| 801 |
|
1 |
|a RU
|b 63413507
|c 20110427
|
| 801 |
|
2 |
|a RU
|b 63413507
|c 20220505
|g RCR
|
| 942 |
|
|
|c BK
|